[Event "POL-chT U20 2nd League"]
[Site "Szczyrk"]
[Date "2017.07.26"]
[Round "7.42"]
[White "Hertlein, Irena"]
[Black "Pawlowska, Emilia"]
[Result "1/2-1/2"]
[WhiteElo "1420"]
[BlackElo "1204"]
[PlyCount "78"]
[EventDate "2017.07.22"]
[EventType "team-swiss"]
[EventRounds "11"]
[EventCountry "POL"]
[SourceTitle "EXT 2019"]
[Source "ChessBase"]
[SourceDate "2018.10.10"]
[SourceVersion "1"]
[SourceVersionDate "2018.10.10"]
[SourceQuality "1"]

1. d4 d5 2. Nf3 Nf6 3. c4 e6 4. g3 c6 5. Qc2 Be7 6. Bg2 0-0 7. 0-0 Nbd7 8. Nc3 dxc4 9. e4 b5 10. Ng5 h6 11. e5 hxg5 12. exf6 Bxf6 13. Bxc6 Rb8 14. Nxb5 Ba6 15. Nc3 Bb7 16. Bxb7 Rxb7 17. Ne4 Rc7 18. Be3 Nb6 19. Nxf6+ Qxf6 20. Qd2 g4 21. Rac1 Qf5 22. Qe2 Re8 23. f3 gxf3 24. Rxf3 Qg4 25. Qf2 Nd5 26. Rf1 Qg6 27. Bf4 Nxf4 28. Rxf4 Ree7 29. Qf3 Rc8 30. Rg4 Qd3 31. Rxg7+ Kxg7 32. Qf6+ Kg8 33. Rf4 Rec7 34. Rh4 Qb1+ 35. Kg2 Qc2+ 36. Kg1 Qb1+ 37. Kg2 Qc2+ 38. Kg1 Qb1+ 39. Kg2 Qc2+ 1/2-1/2